Chủ nghĩa hiện thực huyền ảo & Gabriel Garcia Marquez: (Chuyên luận)
में बचाया:
| मुख्य लेखक: | |
|---|---|
| स्वरूप: | पुस्तक |
| भाषा: | Undetermined |
| प्रकाशित: |
Hà Nội
Giáo dục
2009
|
| विषय: | |
| टैग : |
टैग जोड़ें
कोई टैग नहीं, इस रिकॉर्ड को टैग करने वाले पहले व्यक्ति बनें!
|
| Thư viện lưu trữ: | Trung tâm Học liệu Trường Đại học Cần Thơ |
|---|
| LEADER | 00769nam a2200253Ia 4500 | ||
|---|---|---|---|
| 001 | CTU_149318 | ||
| 008 | 210402s9999 xx 000 0 und d | ||
| 020 | |c 36000 | ||
| 082 | |a 863 | ||
| 082 | |b B113 | ||
| 100 | |a Lê, Huy Bắc | ||
| 245 | 0 | |a Chủ nghĩa hiện thực huyền ảo & Gabriel Garcia Marquez: | |
| 245 | 0 | |b (Chuyên luận) | |
| 245 | 0 | |c Lê Huy Bắc | |
| 260 | |a Hà Nội | ||
| 260 | |b Giáo dục | ||
| 260 | |c 2009 | ||
| 526 | |a Văn học Châu Mỹ,Tiến trình văn học | ||
| 526 | |b SP534,SP531 | ||
| 650 | |a Authors, Colombian,Nhà văn Côlômbia | ||
| 650 | |x Biography,Tiểu sử | ||
| 650 | |y 20th century | ||
| 904 | |i Năm | ||
| 980 | |a Trung tâm Học liệu Trường Đại học Cần Thơ | ||